Представление документа в формате MARC21

Поле Инд. ПП Название Значение
Тип записи a
Библиографический уровень m
001 Контрольный номер 7e2723c1-dc01-48af-a35e-47e377d75b7c
005 Дата корректировки 20140703132246.5
008 Кодируемые данные 041230
020 a ISBN 5-94836-021-0
c Цена, тираж 220.00
020 a ISBN 0-471-07935-9 (англ.)
040 a Служба первич. каталог. НБ ТвГУ
041 a Код языка текста rus
080 a Индекс УДК 621.3.049.76.002(075.8)
084 a Индекс другой классификации/Индекс ББК Ж6я73-1
090 x Авторский знак П88
a Полочн. индекс Ж6
100 1_ a Автор Пул Чарлз П.
245 10 a Заглавие Нанотехнологии
b Продолж. заглавия учеб. пособие для студентов, обучающихся по направлению подгот. "Нанотехнологии"
c Ответственность Ч. Пул, Ф. Оуэнс ; пер. с англ. под ред. Ю. И. Головина
260 0_ a Место издания Москва
b Издательство Техносфера
c Дата издания 2004
300 a Объем 327 с.
b Иллюстрации/ тип воспроизводства ил., табл.
440 a Серия Мир материалов и технологий
504 a Библиография Библиогр. в конце глав.
583 a Действие Получение впервые 481 30.12.2004
k Исполнитель действия ООО "Книжный мир"
650 a Основная рубрика Нанотехнологии
x Основная подрубрика Учебники для вузов
653 a Ключевые слова Нанотехнологии
700 1_ a Другие авторы Оуэнс Фрэнк
e Роль лиц авт.
700 1_ a Другие авторы Головин Ю. И.
e Роль лиц ред. пер.
852 t Порядковый номер экземпляра 3
p Инвентарный номер 800359
p Инвентарный номер 800361
p Инвентарный номер 800360
863 t 00081973
863 t 00081972
863 t 00081971
888 a За счет средств университета
930 a Новая/Ретро учебники
952 p 481.2004 220.00 1 800359
p 481.2004 220.00 1 800360
p 481.2004 220.00 1 800361
c Вид литературы К ру
954 a Дата поступления на обработку 20050126
999 a Подразделение 2 Фил3